Angewandte Algebra für Mathematiker und Informatiker Einführung in gruppentheoretisch-kombinatorische Methoden

Na minha lista:
Detalhes bibliográficos
Autor principal: Klin, M.Ch
Outros Autores: Pöschel, R., Rosenbaum, K.
Formato: Livro
Idioma:alemão
Publicado em: Berlin Deutscher Verlag der Wissenschaften 1988
Edição:1. Aufl.
Tags: Adicionar Tag
Sem tags, seja o primeiro a adicionar uma tag!

MARC

LEADER 00000nam a2200000 4500
001 c024957
005 20221219110732.0
041 0 |a ger 
044 |a DE 
245 1 0 |a Angewandte Algebra für Mathematiker und Informatiker  |b Einführung in gruppentheoretisch-kombinatorische Methoden  |c M.Ch. Klin, R. Pöschel, K. Rosenbaum 
250 |a 1. Aufl. 
264 1 |a Berlin  |b Deutscher Verlag der Wissenschaften  |c 1988 
300 |a 208 s. 
100 1 |a Klin, M.Ch. 
700 1 |a Pöschel, R. 
700 1 |a Rosenbaum, K.